| 000 | 00491nam a2200157Ia 4500 | ||
|---|---|---|---|
| 008 | 210719s2002 xx 000 0 und d | ||
| 041 | _aeng | ||
| 082 | _a332.10954 JOSP | ||
| 100 | _aJOSHI (G V);REGO(P A);LOBO (Norbert) | ||
| 245 | _aPrivatisation of banks in India: present positions and future options. | ||
| 260 |
_aMangalagangothri _bThe Registar, Mangalore University _c2002 |
||
| 300 |
_a276 _bHB |
||
| 365 |
_b500 _cRs |
||
| 650 | _aBanking | ||
| 906 | _aPrivatisation Indian Banks | ||
| 999 |
_c213872 _d213872 |
||